Pokemon Trivia - Ghost Type - Statistics

General Stats
  • This quiz has been taken 22 times
  • The average score is 7 of 10
Answer Stats
Question Answer % Correct
What types are Ghost super effective against? Ghost and Psychic
100%
Dusclops evolves into a Dusknoir while...? Being Traded with a held Reaper Cloth
83%
What types are Ghost type weak to? Dark and Ghost
83%
Which generation introduced the least amount of Ghost type Pokemon? Gen 2
83%
Which Ghost Type move prevents the opposing Pokémon from switching out or running away? Mean Look
83%
How many Ghost type attacks could inflict super-effective damage in Pokémon Red/Blue? 1
67%
What type is Ghost most commonly paired with? Fire
50%
Which of these is true about the Ghost Type? It is super effective against the exact same things as another type
50%
Which of these items powers up ghost type moves? Spell Tag
50%
What is the most powerful Ghost type move with a set base power? (Non-Z move) Shadow Force
17%
No matching quizzes found
Score Distribution
Percent of People with Each Score
Percentile by Number Answered
Your Score History
You have not taken this quiz